Дело об определении на службу состоящего под надзором полиции отставного артиллерии подпоручика Квашнина-Самарина

Доступно только в Электронных читальных залах Найти на картеНа карте
RUSMARC
00003847nmc2a2200000 x 450
001235944ba-8ca8-4fa9-87d6-bf7b9836343b
00520160628155803.0
100##$a20151110l18381865k l0rusy0189 ca
1010#$arus
102##$aRU
2001#$aДело об определении на службу состоящего под надзором полиции отставного артиллерии подпоручика Квашнина-Самарина
$j2 августа 1838 г. - 14 мая 1865 г.
251##$cДело
300##$aОриг. заголовок дела: Дело о провинциальном секретаре Квашнине-Самарине. 2 августа 1838 г. - 14 мая 1865 г
801#0$aRU
$bРГИА
$c20151110
$gRCR
801#1$aRU
$bГлавНИВЦ
$c20151110
$2rusmarc
801#2$aRU
$bПБ им. Б.Н. Ельцина
$c20160628
$gRCR
$2rusmarc
850##$aРГИА
852##$aРГИА
$eФедеральное казенное учреждение "Российский государственный исторический архив" (РГИА)
$j168
937##$hРГИА
$d12180003
$aASBIBLIO_SCAN
461#0$10013e300ed0-cd39-49af-8489-5ba5b90fa401
$12001
$aДепартамент полиции исполнительной МВД
$1251
$cФонд
$1852
$j1286
215##$a500 л.
$d36,5х26 см
371##$aДокумент не является опубликованным и широко распространяемым
5171#$aДело о провинциальном секретаре Квашнине-Самарине. 2 августа 1838 г. - 14 мая 1865 г
105##$ay###
1222#$ad
462#0$1001838cd2c2-41d6-4468-a662-5bbcde766a32
$12001
$a1838-1840 гг. Дела Департамента полиции исполнительной МВД за 1838 г.
$1251
$cОпись
$1852
$j7
$l1838 г.
035##$a235944ba-8ca8-4fa9-87d6-bf7b9836343b
Формат отображения